000
00325pab a2200121 454500
008
180718b xxu||||| |||| 00| 0 eng d
100
_a
Perkins Stephen
245
_a
Reforming Romanian energy policy
362
_a
(185), Dec 93-Jan 94, p.21-25
650
_a
Energy Resources - Romania
773
_a
OECD Observer
909
_a
26027
999
_c
26027
_d
26027